Dieux, héros et titans grecs par indice - Statistiques

Statistiques générales
  • Ce quiz a été pris 827 fois
  • Le résultat moyen est 23 sur 30
Statistiques - réponses
indices NOM % Correct
roi des dieux Zeus
99%
dieu des mers Poséidon
96%
déesse de l'amour Aphrodite
95%
dieu monde souterrain Hadès
95%
reine des dieux Héra
95%
messager des dieux Hermès
93%
déesse de la sagesse Athéna
92%
héros de la guerre de Troie (connu pour son talon) Achille
91%
dieu de la guerre Arès
91%
dieu du vin Dionysos
91%
dieu forgeron Héphaïstos
91%
dieu de la musique Apollon
90%
déesse de la chasse Artémis
88%
roi des titans / titan du temps Cronos
87%
déesse de la terre Gaïa
85%
héros dont le périple nous estraconté par Homère Ulysse
84%
déesse du monde souterrain Perséphone
83%
héros qui a fait de nombreux travaux (12) Héraclès
82%
déesse de l'agriculture Démetér
78%
dieu de l'amour Éros
74%
déesse du foyer Hestia
69%
dieu du ciel Ouranos
62%
héros qui tua le Minotaure Thésée
61%
héros qui tua Méduse Persée
59%
dieu du soleil Hélios
58%
déesse de la nuit Nyx
54%
dieu du sommeil Hypnos
52%
dieu des rêves Morphée
50%
reine des titans Rhéa
44%
dieu de l'éternité Éon
10%
Aucun quiz correspondant
Distribution des résultats
% des personnes avec chaque résultat
Percentile par nombre de réponses
Votre historique - résultats
Vous n’avez pas pris ce quiz